000 00315nam a22001337a 4500
008 170504b xxu||||| |||| 00| 0 eng d
020 _a9780735553774
041 _aeng
080 _22ND
_a34
100 _a15
101 _aSHJ
245 _aA PRACTICAL GUIDE TO APPELLATE SDVOCACY
_cBEAZLEY, M.B
942 _2udc
_cBK
999 _c12721
_d12721